Giáo trình kỹ thuật điều khiển động cơ điện : Sách dùng cho các trường đào tạo hệ trung học chuyên nghiệp
Sách gồm 5 chương : Khái quát về hệ truyền động điện, các bộ biến đổi, các phần tử điều khiển, đặc tính cơ bản của động cơ điện, các mạch điều khiển động cơ điện thường gặp....
محفوظ في:
| المؤلف الرئيسي: | |
|---|---|
| التنسيق: | كتاب |
| اللغة: | Undetermined |
| منشور في: |
Hà Nội
Giáo dục
2009
|
| الموضوعات: | |
| الوسوم: |
إضافة وسم
لا توجد وسوم, كن أول من يضع وسما على هذه التسجيلة!
|
| Thư viện lưu trữ: | Trung tâm Học liệu Trường Đại học Cần Thơ |
|---|
| LEADER | 01045nam a2200229Ia 4500 | ||
|---|---|---|---|
| 001 | CTU_176931 | ||
| 008 | 210402s9999 xx 000 0 und d | ||
| 020 | |c 18000 | ||
| 082 | |a 621.46 | ||
| 082 | |b H452 | ||
| 100 | |a Vũ, Quang Hồi | ||
| 245 | 0 | |a Giáo trình kỹ thuật điều khiển động cơ điện : | |
| 245 | 0 | |b Sách dùng cho các trường đào tạo hệ trung học chuyên nghiệp | |
| 245 | 0 | |c Vũ Quang Hồi | |
| 260 | |a Hà Nội | ||
| 260 | |b Giáo dục | ||
| 260 | |c 2009 | ||
| 520 | |a Sách gồm 5 chương : Khái quát về hệ truyền động điện, các bộ biến đổi, các phần tử điều khiển, đặc tính cơ bản của động cơ điện, các mạch điều khiển động cơ điện thường gặp. | ||
| 650 | |a Electric engineering,Electric motors,Động cơ điện | ||
| 650 | |x Materials | ||
| 904 | |i Hải | ||
| 980 | |a Trung tâm Học liệu Trường Đại học Cần Thơ | ||